<?xml version="1.0" encoding="UTF-8"?>
<record
    xmlns:xsi="http://www.w3.org/2001/XMLSchema-instance"
    xsi:schemaLocation="http://www.loc.gov/MARC21/slim http://www.loc.gov/standards/marcxml/schema/MARC21slim.xsd"
    xmlns="http://www.loc.gov/MARC21/slim">

  <leader>00248nam a22001217a 4500</leader>
  <datafield tag="040" ind1=" " ind2=" ">
    <subfield code="c">BTJ</subfield>
  </datafield>
  <datafield tag="082" ind1=" " ind2=" ">
    <subfield code="a">681</subfield>
  </datafield>
  <datafield tag="100" ind1=" " ind2=" ">
    <subfield code="a">NA</subfield>
  </datafield>
  <datafield tag="245" ind1=" " ind2=" ">
    <subfield code="a">RNAM test codes &amp; procedures for farm machinery</subfield>
  </datafield>
  <datafield tag="260" ind1=" " ind2=" ">
    <subfield code="a">NA</subfield>
    <subfield code="b">NA</subfield>
    <subfield code="c">1995</subfield>
  </datafield>
  <datafield tag="300" ind1=" " ind2=" ">
    <subfield code="a">413p.</subfield>
  </datafield>
  <datafield tag="942" ind1=" " ind2=" ">
    <subfield code="c">EK</subfield>
  </datafield>
  <datafield tag="999" ind1=" " ind2=" ">
    <subfield code="c">10315</subfield>
    <subfield code="d">10315</subfield>
  </datafield>
  <datafield tag="952" ind1=" " ind2=" ">
    <subfield code="0">0</subfield>
    <subfield code="1">0</subfield>
    <subfield code="4">0</subfield>
    <subfield code="6">681_000000000000000_NA_1995_C244</subfield>
    <subfield code="7">0</subfield>
    <subfield code="9">53051</subfield>
    <subfield code="a">LBC</subfield>
    <subfield code="b">LBC</subfield>
    <subfield code="c">C244</subfield>
    <subfield code="d">2016-10-13</subfield>
    <subfield code="o">681 NA 1995 C244</subfield>
    <subfield code="p">RUA045053</subfield>
    <subfield code="r">2016-10-13</subfield>
    <subfield code="y">EK</subfield>
  </datafield>
  <datafield tag="952" ind1=" " ind2=" ">
    <subfield code="0">0</subfield>
    <subfield code="1">0</subfield>
    <subfield code="4">0</subfield>
    <subfield code="6">681_000000000000000_NA_1995_C244</subfield>
    <subfield code="7">0</subfield>
    <subfield code="9">53052</subfield>
    <subfield code="a">LBC</subfield>
    <subfield code="b">LBC</subfield>
    <subfield code="c">C244</subfield>
    <subfield code="d">2016-10-13</subfield>
    <subfield code="o">681  NA  1995 C244</subfield>
    <subfield code="p">RUA045679</subfield>
    <subfield code="r">2016-10-13</subfield>
    <subfield code="w">2016-10-13</subfield>
    <subfield code="y">EK</subfield>
  </datafield>
  <datafield tag="952" ind1=" " ind2=" ">
    <subfield code="0">0</subfield>
    <subfield code="1">0</subfield>
    <subfield code="4">0</subfield>
    <subfield code="6">681_000000000000000_NA_1995_C244</subfield>
    <subfield code="7">0</subfield>
    <subfield code="9">53053</subfield>
    <subfield code="a">LBC</subfield>
    <subfield code="b">LBC</subfield>
    <subfield code="c">C244</subfield>
    <subfield code="d">2016-10-13</subfield>
    <subfield code="l">2</subfield>
    <subfield code="o">681  NA  1995 C244</subfield>
    <subfield code="p">RUA045558</subfield>
    <subfield code="r">2019-01-08</subfield>
    <subfield code="s">2018-12-25</subfield>
    <subfield code="w">2016-10-13</subfield>
    <subfield code="y">EK</subfield>
  </datafield>
</record>
